Noms des Dragons (univers Game of thrones/House of the Dragon) - Statistiques

Statistiques générales
  • Ce quiz a été pris 240 fois
  • Le résultat moyen est 12 sur 34
Statistiques - réponses
Réponse % Correct
Drogon
92%
Viserion
83%
Balerion
81%
Vhagar
81%
Rhaegal
75%
Caraxès
72%
Syrax
70%
Vermithor
62%
Meleys
57%
Vermax
57%
Arrax
54%
Meraxès
54%
Aile-d'Argent
43%
Fumée-des-Mers
40%
Songefeu
35%
Le cannibale
29%
Tessarion
29%
Danselune
28%
Tyraxès
28%
Feux-du-Soleyl
24%
Vif-Argent
20%
Voleur-de-moutons
19%
Morghul
16%
Nuée d'Orage
15%
Point du jour
12%
Gris spectre
11%
Shraïkos
9%
Le dernier dragon
6%
Urrax
6%
Terrax
4%
Nagga
2%
Archonei
1%
Essovius
1%
Ghiscar
1%
Aucun quiz correspondant
Distribution des résultats
% des personnes avec chaque résultat
Percentile par nombre de réponses
Votre historique - résultats
Vous n’avez pas pris ce quiz